[Event "PRO League Group Stage"]
[Site "chess.com INT"]
[Date "2018.02.24"]
[Round "7"]
[White "Yu, Yangyi"]
[Black "Andriasian, Zaven"]
[Result "0-1"]
[WhiteTitle "GM"]
[BlackTitle "GM"]
[WhiteElo "2760"]
[BlackElo "2585"]
[WhiteTeam "Chengdu Pandas"]
[BlackTeam "Armenia Eagles"]
[WhiteFideId "8603820"]
[BlackFideId "13302000"]
[EventDate "2018.01.18"]

1. d4 d5 2. c4 c6 3. Nf3 Nf6 4. Nc3 dxc4 5. a4 Bf5 6. Ne5 Nbd7 7. Nxc4 Qc7 8. g3
e5 9. dxe5 Nxe5 10. Bf4 Nfd7 11. Bg2 g5 12. Nxe5 gxf4 13. Nxd7 O-O-O 14. Qd4
Qxd7 15. Qxf4 Bd6 16. Qc1 a5 17. O-O Kb8 18. Qg5 Bc7 19. Qf6 Bc2 20. Rfc1 Bb3
21. Ne4 Qd4 22. Qxd4 Rxd4 23. Nc5 Rb4 24. Nxb3 Rxb3 25. Rc2 Be5 26. Rd1 Rb4 27.
Rc5 Bc7 28. Rf5 Rf8 29. Bf3 Rxa4 30. b3 Rb4 31. Rd3 f6 32. e3 Rd8 33. Rc3 Ka7
34. Rh5 Be5 35. Rc1 Rxb3 36. Rxh7 Kb6 37. Rc4 Rd2 38. Rg4 Rb1+ 39. Kg2 Rbb2 40.
Rgg7 Rxf2+ 41. Kg1 Rxf3 42. Rxb7+ Kc5 43. Ra7 Ra2 0-1

[Event "PRO League Group Stage"]
[Site "chess.com INT"]
[Date "2018.02.24"]
[Round "7"]
[White "Gorovets, Andrey"]
[Black "Puranik, Abhimanyu"]
[Result "1/2-1/2"]
[WhiteTitle "GM"]
[BlackTitle "GM"]
[WhiteElo "2517"]
[BlackElo "2520"]
[WhiteTeam "Dallas Destiny"]
[BlackTeam "Mumbai Movers"]
[WhiteFideId "13504037"]
[BlackFideId "5061245"]
[EventDate "2018.01.18"]

1. d4 Nf6 2. c4 g6 3. Nc3 d5 4. Bf4 Bg7 5. e3 O-O 6. Nf3 dxc4 7. Bxc4 c5 8. dxc5
Qa5 9. O-O Qxc5 10. Bb3 Nc6 11. Rc1 Qa5 12. h3 Bf5 13. Qe2 e5 14. Bh2 e4 15. Nd2
Ne5 16. Nc4 Nxc4 17. Qxc4 Be6 18. Qa4 Qxa4 19. Bxa4 a6 20. Be5 b5 21. Bc2 Rac8
22. a3 Rfe8 23. Bd4 h5 24. Rfd1 Bf5 25. Bb3 Red8 26. Ne2 h4 27. Rxc8 Rxc8 28.
Bc3 Nd7 29. Nd4 Nc5 30. Nxf5 gxf5 31. Bxg7 Kxg7 32. Rc1 Rc7 33. Bd5 Kf6 34. b4
Ne6 35. Rxc7 Nxc7 36. Bb7 Kg5 37. g3 Ne8 38. Bxa6 Nd6 39. Kf1 hxg3 40. fxg3 Nc4
41. Bxb5 Nxe3+ 42. Ke2 Nc2 43. Bc4 Nxa3 44. Bxf7 Nc2 45. b5 Nd4+ 46. Ke3 Nxb5
47. Bd5 1/2-1/2

[Event "PRO League Group Stage"]
[Site "chess.com INT"]
[Date "2018.02.24"]
[Round "7"]
[White "Gorovets, Andrey"]
[Black "Cornette, Deimante"]
[Result "1-0"]
[WhiteTitle "GM"]
[BlackTitle "IM"]
[WhiteElo "2517"]
[BlackElo "2439"]
[WhiteTeam "Dallas Destiny"]
[BlackTeam "Cannes Blockbusters"]
[WhiteFideId "13504037"]
[BlackFideId "12802859"]
[EventDate "2018.01.18"]

1. d4 d5 2. Bf4 Nf6 3. e3 c5 4. c3 Nc6 5. Nd2 cxd4 6. exd4 Bf5 7. Ngf3 e6 8. Qb3
Bd6 9. Bg3 Rb8 10. Be2 O-O 11. Ne5 Ne4 12. Nxe4 Bxe4 13. O-O Nxe5 14. dxe5 Bc5
15. a4 Qg5 16. Qd1 a6 17. Kh1 Rbd8 18. f3 Bf5 19. f4 Qh6 20. Bf2 Bxf2 21. Rxf2
f6 22. Qd4 Be4 23. Raf1 fxe5 24. Qxe5 Rd7 25. Bg4 Bf5 26. Bxf5 Rxf5 27. Qb8+ Rf8
28. Qe5 Rf5 29. Qd4 Rdf7 30. Kg1 e5 31. Qxd5 exf4 32. Qd8+ Rf8 33. Qc7 b5 34. a5
R5f7 35. Qb6 Rf6 36. Qc5 Rf5 37. Qd4 Qg5 38. Rf3 h6 39. c4 bxc4 40. Qxc4+ Kh8
41. b4 1-0

[Event "PRO League Group Stage"]
[Site "chess.com INT"]
[Date "2018.02.24"]
[Round "7"]
[White "Gorovets, Andrey"]
[Black "Grigoryan, Karen H."]
[Result "1-0"]
[WhiteTitle "GM"]
[BlackTitle "GM"]
[WhiteElo "2517"]
[BlackElo "2581"]
[WhiteTeam "Dallas Destiny"]
[BlackTeam "Armenia Eagles"]
[WhiteFideId "13504037"]
[BlackFideId "13301004"]
[EventDate "2018.01.18"]

1. d4 g6 2. c4 Bg7 3. e4 d6 4. Nc3 Nf6 5. Be2 O-O 6. Bg5 c5 7. d5 h6 8. Bf4 e6
9. dxe6 Bxe6 10. Bxd6 Re8 11. Nf3 Nc6 12. O-O Qa5 13. Qb3 Nd4 14. Nxd4 cxd4 15.
Nd5 Nxe4 16. Bb4 Qd8 17. Bd3 Nf6 18. Nxf6+ Bxf6 19. Bd2 b5 20. Qxb5 Rb8 21. Qa4
Rxb2 22. Bc1 Rb7 23. Bxh6 Bd7 24. Qa6 Bc8 25. Qc6 Rb6 26. Qf3 Bb7 27. Qh3 Bc8
28. Qf3 Be5 29. Rfe1 Rf6 30. Qd5 Rd6 31. Qc5 Rde6 32. Bd2 Bb7 33. Qxa7 Bxh2+ 34.
Kxh2 Qh4+ 35. Kg1 Bxg2 36. Kxg2 Qg4+ 37. Kh2 Kg7 38. Bh6+ Kxh6 39. Rxe6 Rxe6 40.
Qb8 Kg7 41. Qg3 Qh5+ 42. Kg2 Qa5 43. Rh1 Re5 44. Rh4 Rg5 45. Rg4 Rh5 46. Bxg6
fxg6 47. Rxg6+ Kf7 48. Rg7+ Kf8 49. Rg8+ Ke7 50. Qg7+ Kd6 51. Qxd4+ Kc6 52. Rg6+
Kb7 53. Rg7+ Kc6 54. Qf6+ Kc5 55. Rg5+ 1-0

[Event "PRO League Group Stage"]
[Site "chess.com INT"]
[Date "2018.02.24"]
[Round "7"]
[White "Gorovets, Andrey"]
[Black "Sebenik, Matej"]
[Result "0-1"]
[WhiteTitle "GM"]
[BlackTitle "GM"]
[WhiteElo "2517"]
[BlackElo "2551"]
[WhiteTeam "Dallas Destiny"]
[BlackTeam "Ljubljana Turtles"]
[WhiteFideId "13504037"]
[BlackFideId "14602296"]
[EventDate "2018.01.18"]

1. d4 Nf6 2. c4 e6 3. Nc3 Bb4 4. g3 O-O 5. Bg2 d5 6. a3 Be7 7. Nf3 dxc4 8. O-O
Nc6 9. e4 Na5 10. Be3 Nb3 11. Rb1 c5 12. dxc5 Bxc5 13. Bxc5 Nxc5 14. Ne5 b6 15.
Nc6 Qxd1 16. Rbxd1 Bb7 17. e5 Bxc6 18. Bxc6 Rac8 19. exf6 Rxc6 20. fxg7 Kxg7 21.
Rd4 Nd3 22. b3 Ne5 23. f4 cxb3 24. Nb5 Nc4 25. Nxa7 Rc5 26. Rb1 Ra8 27. Rd7 b2
28. Kf2 Kf8 29. a4 Ke8 30. Rb7 Nd6 31. Rxb6 Ne4+ 32. Ke3 Nc3 33. R1xb2 Nd1+ 34.
Kd4 Nxb2 35. Kxc5 Nxa4+ 36. Kb5 Nxb6 37. Kxb6 Rb8+ 38. Kc5 Rb2 39. h3 Rb3 40. g4
Rxh3 41. Kd4 Rh4 42. Nb5 Rxg4 43. Ke5 Ke7 44. Nd4 f6+ 45. Ke4 e5 0-1

[Event "PRO League Group Stage"]
[Site "chess.com INT"]
[Date "2018.02.24"]
[Round "7"]
[White "Zherebukh, Yaroslav"]
[Black "Puranik, Abhimanyu"]
[Result "1-0"]
[WhiteTitle "GM"]
[BlackTitle "GM"]
[WhiteElo "2636"]
[BlackElo "2520"]
[WhiteTeam "Saint Louis Arch Bishops"]
[BlackTeam "Mumbai Movers"]
[WhiteFideId "14116804"]
[BlackFideId "5061245"]
[EventDate "2018.01.18"]

1. e4 e5 2. Nf3 Nc6 3. d4 exd4 4. Nxd4 Bc5 5. Nb3 Bb6 6. Nc3 Nf6 7. Qe2 d6 8.
Be3 Be6 9. O-O-O O-O 10. Kb1 Bxe3 11. Qxe3 a5 12. a3 Re8 13. f3 Ne5 14. Nd4 Qe7
15. g4 c6 16. g5 Nh5 17. f4 Bg4 18. Re1 c5 19. Ndb5 Nf3 20. h3 Nxe1 21. hxg4
Nxf4 22. Qxf4 Qe5 23. Qf2 d5 24. Qxe1 d4 25. Nd1 Rad8 26. Qh4 Qf4 27. Qxh7+ Kf8
28. Bc4 Qxe4 29. Qh8+ Ke7 30. Qxg7 1-0

[Event "PRO League Group Stage"]
[Site "chess.com INT"]
[Date "2018.02.24"]
[Round "7"]
[White "Zherebukh, Yaroslav"]
[Black "Cornette, Deimante"]
[Result "1-0"]
[WhiteTitle "GM"]
[BlackTitle "IM"]
[WhiteElo "2636"]
[BlackElo "2439"]
[WhiteTeam "Saint Louis Arch Bishops"]
[BlackTeam "Cannes Blockbusters"]
[WhiteFideId "14116804"]
[BlackFideId "12802859"]
[EventDate "2018.01.18"]

1. e4 Nf6 2. e5 Nd5 3. d4 d6 4. Nf3 dxe5 5. Nxe5 c6 6. Be2 Bf5 7. O-O Nd7 8. Nf3
e6 9. a3 b5 10. Re1 Bd6 11. Nbd2 h6 12. Bf1 O-O 13. Ne4 Bc7 14. g3 Bg4 15. Bg2
e5 16. Nc3 Nxc3 17. bxc3 Re8 18. Qd3 exd4 19. cxd4 Rxe1+ 20. Nxe1 Qf6 21. Qe4
Bb6 22. Be3 Be6 23. Qxc6 Rd8 24. c3 Bc4 25. a4 Qf5 26. axb5 Bxb5 27. Qd5 Qxd5
28. Bxd5 Rc8 29. Bd2 Nf6 30. Bf3 Bc4 31. Nc2 Nd5 32. Na3 Bb3 33. Nb5 1-0

[Event "PRO League Group Stage"]
[Site "chess.com INT"]
[Date "2018.02.24"]
[Round "7"]
[White "Zherebukh, Yaroslav"]
[Black "Grigoryan, Karen H."]
[Result "1-0"]
[WhiteTitle "GM"]
[BlackTitle "GM"]
[WhiteElo "2636"]
[BlackElo "2581"]
[WhiteTeam "Saint Louis Arch Bishops"]
[BlackTeam "Armenia Eagles"]
[WhiteFideId "14116804"]
[BlackFideId "13301004"]
[EventDate "2018.01.18"]

1. e4 g6 2. d4 Bg7 3. Nc3 d6 4. Be3 a6 5. f4 b5 6. Nf3 Bb7 7. Bd3 Nd7 8. e5 e6
9. Ne4 Nb6 10. O-O Nd5 11. Bd2 Nge7 12. b3 b4 13. a3 a5 14. axb4 axb4 15. Rxa8
Bxa8 16. Bb5+ Bc6 17. Qe2 O-O 18. Ra1 Qd7 19. Bxc6 Qxc6 20. Qc4 Nb6 21. Qxc6
Nxc6 22. Kf1 dxe5 23. dxe5 Ra8 24. Rxa8+ Nxa8 25. Ke2 Nb6 26. Kd3 Kf8 27. Nd4
Nxd4 28. Bxb4+ Ke8 29. Kxd4 Nd5 30. Bd2 Kd7 31. c4 Ne7 32. b4 h6 33. b5 Nf5+ 34.
Kd3 Bf8 35. g4 Nh4 36. Be1 Nf3 37. Bg3 Bb4 38. c5 Ne1+ 39. Kc4 Ba5 40. c6+ Kc8
41. Bf2 Ng2 42. Nd6+ cxd6 43. exd6 Nxf4 44. b6 Nd5 45. Kb5 Bc3 46. Bg3 e5 47.
d7+ Kd8 48. b7 Nc7+ 49. Kc4 Na6 50. Kxc3 Nb8 51. c7+ Kxc7 52. Bxe5+ Kxd7 53.
Bxb8 Kc6 54. Kd4 Kxb7 55. Bf4 g5 56. Be3 f6 57. Ke4 1-0

[Event "PRO League Group Stage"]
[Site "chess.com INT"]
[Date "2018.02.24"]
[Round "7"]
[White "Zherebukh, Yaroslav"]
[Black "Sebenik, Matej"]
[Result "1-0"]
[WhiteTitle "GM"]
[BlackTitle "GM"]
[WhiteElo "2636"]
[BlackElo "2551"]
[WhiteTeam "Saint Louis Arch Bishops"]
[BlackTeam "Ljubljana Turtles"]
[WhiteFideId "14116804"]
[BlackFideId "14602296"]
[EventDate "2018.01.18"]

1. e4 c5 2. Nf3 Nc6 3. d4 cxd4 4. Nxd4 Nf6 5. Nc3 e5 6. Ndb5 d6 7. Bg5 a6 8. Na3
b5 9. Bxf6 gxf6 10. Nd5 f5 11. Bd3 Be6 12. c3 Bg7 13. O-O Bxd5 14. exd5 Ne7 15.
Re1 O-O 16. Nc2 Rc8 17. a4 bxa4 18. Rxa4 a5 19. Qh5 e4 20. Bf1 Rc5 21. Ne3 Qd7
22. Rc4 Rxc4 23. Nxc4 Rb8 24. g3 Nxd5 25. Bh3 Nf6 26. Qg5 h6 27. Qf4 Qc7 28. Ne3
Rxb2 29. c4 a4 30. Ra1 Rb4 31. Nxf5 Rxc4 32. Bf1 Rb4 33. Rc1 Qd7 34. Bh3 Kf8 35.
Rc8+ 1-0

[Event "PRO League Group Stage"]
[Site "chess.com INT"]
[Date "2018.02.24"]
[Round "7"]
[White "Naroditsky, Daniel"]
[Black "Boruchovsky, Avital"]
[Result "1/2-1/2"]
[WhiteTitle "GM"]
[BlackTitle "GM"]
[WhiteElo "2619"]
[BlackElo "2542"]
[WhiteTeam "San Jose Hackers"]
[BlackTeam "Estonia Horses"]
[WhiteFideId "2026961"]
[BlackFideId "2800055"]
[EventDate "2018.01.18"]

1. Nf3 Nf6 2. g3 d5 3. Bg2 Nbd7 4. O-O e5 5. d3 Bd6 6. Nc3 c6 7. e4 h6 8. Nh4
Nb6 9. a4 Bg4 10. Bf3 Be6 11. a5 Nbd7 12. a6 b6 13. d4 O-O 14. exd5 cxd5 15.
dxe5 Nxe5 16. Bg2 Bc5 17. Ne2 Bg4 18. h3 Bh5 19. Nf5 Re8 20. Be3 Nf3+ 21. Kh1
Qd7 22. g4 Nxg4 23. hxg4 Bxg4 24. Neg3 Ne5 25. Qxd5 Bxf5 26. Qxd7 Bxd7 27. Bxc5
bxc5 28. Bxa8 Rxa8 29. f4 Bc6+ 30. Kg1 Nf3+ 31. Kf2 Rb8 32. Ra5 Rxb2 33. Rxc5
Nd4 34. Rd1 Rxc2+ 35. Rxc2 Nxc2 36. Rc1 Nb4 37. Rc4 Nd3+ 38. Ke3 Bb5 39. Rc8+
Kh7 40. Rc7 Bxa6 41. Rxa7 Nb4 42. Rxf7 Nd5+ 43. Kd4 Nf6 44. Ra7 Bc8 45. f5 h5
46. Ke5 Kh6 47. Ra8 Bb7 48. Ra7 Bg2 49. Ra2 Bd5 50. Rd2 h4 51. Ne2 Kg5 52. Nd4
h3 53. Ne6+ Kh4 54. Nxg7 Bg2 55. Kxf6 h2 56. Rd1 h1=Q 57. Rxh1+ Bxh1 58. Ke7 Be4
59. f6 Bg6 60. Ne6 Kg4 61. Nf8 Bh5 62. Ne6 Bg6 63. Kf8 Kf5 64. Kg7 Be8 65. Nc7
Bh5 66. Nd5 Ke5 67. Ne7 Be8 68. Ng6+ Ke6 69. Ne7 Ke5 70. Ng8 Ke6 71. Nh6 Ke5 72.
Ng4+ Ke6 73. Ne3 Ke5 74. Nc2 Ke6 75. Nd4+ Ke5 76. Nb5 Bh5 77. Nc7 Kd6 78. Kh6
Bf7 79. Nb5+ Ke6 80. Kg7 Bh5 81. Nd4+ Ke5 82. Nf3+ Kd6 83. Nh4 Be8 84. Nf3 Ke6
85. Ng5+ Ke5 86. Nh3 Ke6 87. Nf4+ Ke5 88. Nd3+ Ke6 89. Nf2 Ke5 90. Ng4+ Ke6 91.
Kf8 Bh5 92. Kg7 Be8 93. Ne3 Ke5 94. Ng2 Ke6 95. Nh4 Ke5 96. Nf3+ Ke6 97. Nd4+
Ke5 98. Nb5 Bh5 99. Nc7 Kd6 100. Kh6 Bf7 101. Nb5+ Ke5 102. Kg7 Bh5 103. Nc3 Be8
104. Ne2 Ke6 105. Ng1 Ke5 106. Nf3+ Ke6 107. Nd4+ Ke5 108. Nb5 Bh5 1/2-1/2

[Event "PRO League Group Stage"]
[Site "chess.com INT"]
[Date "2018.02.24"]
[Round "7"]
[White "Naroditsky, Daniel"]
[Black "Yanchenko, Roman"]
[Result "1-0"]
[WhiteTitle "GM"]
[BlackTitle "FM"]
[WhiteElo "2619"]
[BlackElo "2436"]
[WhiteTeam "San Jose Hackers"]
[BlackTeam "London Towers"]
[WhiteFideId "2026961"]
[BlackFideId "4137329"]
[EventDate "2018.01.18"]

1. Nf3 d5 2. g3 Nf6 3. Bg2 g6 4. O-O Bg7 5. d3 O-O 6. Nbd2 c5 7. e4 Nc6 8. c3 e6
9. e5 Nd7 10. d4 cxd4 11. cxd4 f6 12. exf6 Qxf6 13. Nb3 a5 14. a4 Nb6 15. Bd2
Nc4 16. Bc3 b6 17. Nbd2 Nxd2 18. Qxd2 Ra7 19. Rac1 Raf7 20. Ng5 Re7 21. f4 Rc7
22. Nf3 Bd7 23. Rce1 Rfc8 24. Re3 Nd8 25. Ne5 Bxa4 26. g4 Nc6 27. f5 Nxe5 28.
Rxe5 exf5 29. gxf5 Kh8 30. Re6 Qh4 31. f6 Bh6 32. Qe2 Rf7 33. Bxd5 Qg5+ 34. Qg2
Rcf8 35. Rxb6 Rd7 36. Qxg5 Bxg5 37. Be6 Be3+ 38. Kg2 Rc7 39. Rf3 Bg5 40. d5 Rxc3
41. bxc3 Rxf6 42. Rb8+ 1-0

[Event "PRO League Group Stage"]
[Site "chess.com INT"]
[Date "2018.02.24"]
[Round "7"]
[White "Naroditsky, Daniel"]
[Black "Pantsulaia, Levan"]
[Result "1-0"]
[WhiteTitle "GM"]
[BlackTitle "GM"]
[WhiteElo "2619"]
[BlackElo "2605"]
[WhiteTeam "San Jose Hackers"]
[BlackTeam "Stockholm Snowballs"]
[WhiteFideId "2026961"]
[BlackFideId "13602071"]
[EventDate "2018.01.18"]

1. Nf3 Nf6 2. g3 b6 3. Bg2 Bb7 4. O-O c5 5. d3 e6 6. e4 d6 7. Nc3 Nbd7 8. Re1
Be7 9. d4 cxd4 10. Nxd4 Qc7 11. g4 O-O 12. g5 Ne8 13. h4 Ne5 14. h5 a6 15. f4
Nc6 16. Nf3 f6 17. f5 Ne5 18. Nd4 exf5 19. Ne6 Qc8 20. exf5 Bxg2 21. Kxg2 fxg5
22. Nxf8 Bxf8 23. Bxg5 Qxf5 24. Ne4 Rc8 25. b3 Kh8 26. Qe2 d5 27. Rf1 Nf3 28.
Qxf3 Rxc2+ 29. Kh1 Qxf3+ 30. Rxf3 Ba3 31. Raf1 h6 32. Nc3 hxg5 33. Nxd5 Kh7 34.
Rg3 Rxa2 35. Rxg5 Rd2 36. Ne3 Be7 37. Re5 Rd7 38. Nf5 1-0

[Event "PRO League Group Stage"]
[Site "chess.com INT"]
[Date "2018.02.24"]
[Round "7"]
[White "Naroditsky, Daniel"]
[Black "Studer, Noel"]
[Result "1/2-1/2"]
[WhiteTitle "GM"]
[BlackTitle "GM"]
[WhiteElo "2619"]
[BlackElo "2476"]
[WhiteTeam "San Jose Hackers"]
[BlackTeam "Riga Magicians"]
[WhiteFideId "2026961"]
[BlackFideId "1319620"]
[EventDate "2018.01.18"]

1. Nf3 d5 2. g3 c6 3. Bg2 Bg4 4. d3 Nd7 5. O-O e6 6. Nbd2 Bd6 7. e4 Ne7 8. h3
Bxf3 9. Nxf3 O-O 10. Qe2 a5 11. a4 Re8 12. h4 e5 13. h5 h6 14. Nh4 Nf6 15. Bd2
Qb6 16. Rab1 Rad8 17. Bc3 Qc5 18. Kh1 Nh7 19. Nf3 d4 20. Be1 Ra8 21. c3 Qa7 22.
cxd4 exd4 23. Nh4 Bb4 24. Bxb4 axb4 25. b3 Qb8 26. f4 Ra5 27. e5 Qc8 28. Rbe1
Nd5 29. Bxd5 Rxd5 30. Qf3 Rc5 31. g4 Rc3 32. Nf5 Qd7 33. Nd6 Re7 34. Ne4 Rc2 35.
Re2 Rxe2 36. Qxe2 Qd5 37. Qc2 f6 38. Qc5 Qxc5 39. Nxc5 fxe5 40. fxe5 b6 41. Na6
c5 42. Rf5 Ra7 43. Nb8 Nf8 44. Nc6 Rc7 45. Nd8 Rd7 46. Nc6 Ne6 47. Kg2 Rc7 48.
Nb8 Rb7 49. Nc6 Rc7 50. Nb8 Rb7 51. Nc6 Rc7 1/2-1/2

[Event "PRO League Group Stage"]
[Site "chess.com INT"]
[Date "2018.02.24"]
[Round "7"]
[White "Klein, David"]
[Black "Naroditsky, Daniel"]
[Result "1/2-1/2"]
[WhiteTitle "GM"]
[BlackTitle "GM"]
[WhiteElo "2501"]
[BlackElo "2619"]
[WhiteTeam "Amsterdam Mosquitoes"]
[BlackTeam "San Jose Hackers"]
[WhiteFideId "1003623"]
[BlackFideId "2026961"]
[EventDate "2018.01.18"]

1. e4 e6 2. d4 d5 3. Nd2 Be7 4. Ngf3 Nf6 5. Bd3 c5 6. e5 Nfd7 7. c3 b6 8. O-O
Ba6 9. Ne1 Bxd3 10. Nxd3 Nc6 11. Qg4 Nf8 12. Qxg7 Ng6 13. Nf3 Bf8 14. Qf6 Be7
15. Qg7 Bf8 16. Qf6 Be7 17. Qg7 Bf8 1/2-1/2

[Event "PRO League Group Stage"]
[Site "chess.com INT"]
[Date "2018.02.24"]
[Round "7"]
[White "Klein, David"]
[Black "Hambleton, Aman"]
[Result "0-1"]
[WhiteTitle "GM"]
[BlackTitle "IM"]
[WhiteElo "2501"]
[BlackElo "2501"]
[WhiteTeam "Amsterdam Mosquitoes"]
[BlackTeam "Montreal Chessbrahs"]
[WhiteFideId "1003623"]
[BlackFideId "2606577"]
[EventDate "2018.01.18"]

1. e3 e5 2. d4 exd4 3. exd4 d5 4. Bd3 Bd6 5. Nc3 c6 6. Nge2 Bg4 7. f3 Bh5 8. Nf4
Bg6 9. O-O Ne7 10. Nce2 Nd7 11. Nxg6 hxg6 12. Bf4 Qc7 13. Qd2 Nf8 14. Bxd6 Qxd6
15. Qf4 Qxf4 16. Nxf4 g5 17. Nh3 Ne6 18. c3 Kd7 19. Rae1 Nf4 20. Nf2 Rae8 21.
Bc2 Kd6 22. g3 Ne6 23. Nd3 f6 24. Rf2 b6 25. Rfe2 Nc7 26. Kg2 Nc8 27. Nb4 Rxe2+
28. Rxe2 a5 29. Nd3 c5 30. dxc5+ bxc5 31. Rd2 Nb6 32. b3 Re8 33. Kf2 Nb5 34. c4
dxc4 35. Nb2+ Nd4 36. bxc4 Rh8 37. Ke3 Re8+ 38. Kf2 Kc7 39. Be4 f5 40. Bd5 Nxd5
41. cxd5 Kd6 42. Nc4+ Kxd5 43. Nxa5 c4 44. Nc6 Kxc6 45. Rxd4 Kc5 46. Rd7 c3 47.
Rxg7 Kd4 48. Rd7+ Kc4 49. h4 gxh4 50. gxh4 f4 51. Kg2 Rg8+ 52. Kh2 c2 53. a4 Rc8
54. Rf7 c1=Q 55. Kh3 Qg1 56. Rxf4+ Kd3 57. Rg4 Qh1+ 58. Kg3 Rf8 59. Rg7 Qg1+ 60.
Kh3 Qxg7 61. a5 Rxf3+ 62. Kh2 Qg3+ 63. Kh1 Rf1# 0-1

[Event "PRO League Group Stage"]
[Site "chess.com INT"]
[Date "2018.02.24"]
[Round "7"]
[White "Klein, David"]
[Black "Zhao, Zong-Yuan"]
[Result "1-0"]
[WhiteTitle "GM"]
[BlackTitle "GM"]
[WhiteElo "2501"]
[BlackElo "2537"]
[WhiteTeam "Amsterdam Mosquitoes"]
[BlackTeam "Australia Kangaroos"]
[WhiteFideId "1003623"]
[BlackFideId "3202534"]
[EventDate "2018.01.18"]

1. e4 c5 2. Nf3 e6 3. g3 Nc6 4. Bg2 Nf6 5. Qe2 d5 6. exd5 Nxd5 7. O-O Be7 8. Rd1
Bf6 9. Nc3 O-O 10. Ne4 b6 11. Nxf6+ Qxf6 12. c4 Nde7 13. d4 cxd4 14. Bg5 Qg6 15.
Bxe7 Nxe7 16. Ne5 1-0

[Event "PRO League Group Stage"]
[Site "chess.com INT"]
[Date "2018.02.24"]
[Round "7"]
[White "Klein, David"]
[Black "Robson, Ray"]
[Result "0-1"]
[WhiteTitle "GM"]
[BlackTitle "GM"]
[WhiteElo "2501"]
[BlackElo "2645"]
[WhiteTeam "Amsterdam Mosquitoes"]
[BlackTeam "Webster Windmills"]
[WhiteFideId "1003623"]
[BlackFideId "2023970"]
[EventDate "2018.01.18"]

1. e4 e5 2. Nf3 Nc6 3. Bb5 Nf6 4. O-O Nxe4 5. d4 Nd6 6. dxe5 Nxb5 7. a4 Nbd4 8.
Nxd4 d5 9. exd6 Bxd6 10. Nb5 Be5 11. Qxd8+ Kxd8 12. Nd2 a6 13. Na3 Bf5 14. Nf3
Bf6 15. Bg5 Bxg5 16. Nxg5 Rf8 17. Rfe1 Kc8 18. Nc4 Bxc2 19. Nxf7 Rxf7 20. Rac1
b5 21. Nd2 Nd4 22. Re3 Bg6 23. f3 Kb7 24. Kf2 Rd8 25. axb5 axb5 26. Nf1 Rfd7 27.
h4 Nf5 28. Re5 Rd5 29. Rc5 Rxc5 30. Rxc5 Kb6 31. Re5 Re8 32. Rd5 Kc6 33. Rd3
Nxh4 34. Rc3+ Kb6 35. g4 Bf7 36. Ne3 g5 37. Rd3 Be6 38. Rd1 Rf8 39. Rh1 Rxf3+
40. Ke2 Rf4 41. Rg1 Rb4 42. Rb1 Bxg4+ 43. Kd2 Be6 44. Rg1 Nf3+ 45. Kc3 Rb3+ 46.
Kc2 Nxg1 47. Nd1 Nf3 48. Nf2 Nd4+ 49. Kb1 Bf5+ 50. Ka2 Rf3 51. Nd1 Be6+ 52. b3
b4 53. Nb2 Bxb3+ 54. Ka1 Kb5 55. Nd1 Bxd1 56. Kb2 Rf2+ 57. Kc1 Ba4 58. Kb1 g4
59. Ka1 g3 60. Kb1 g2 61. Ka1 g1=R# 0-1

[Event "PRO League Group Stage"]
[Site "chess.com INT"]
[Date "2018.02.24"]
[Round "7"]
[White "Hjartarson, Johann"]
[Black "Lenderman, Aleksandr"]
[Result "1/2-1/2"]
[WhiteTitle "GM"]
[BlackTitle "GM"]
[WhiteElo "2536"]
[BlackElo "2611"]
[WhiteTeam "Reykjavik Puffins"]
[BlackTeam "Montclair Sopranos"]
[WhiteFideId "2300044"]
[BlackFideId "2021285"]
[EventDate "2018.01.18"]

1. e4 e6 2. d4 d5 3. Nc3 Nf6 4. e5 Nfd7 5. f4 c5 6. Nf3 Nc6 7. Be3 Be7 8. Qd2 a6
9. a3 b5 10. dxc5 Nxc5 11. Qf2 Nd7 12. Bd3 f6 13. exf6 Nxf6 14. h3 O-O 15. O-O
Nh5 16. Qd2 Ng3 17. Rf2 Bf6 18. Bc5 Be7 19. Bxe7 Qxe7 20. Re1 Qf6 21. Ne5 Nxe5
22. Rxe5 g6 23. Kh2 Nh5 24. g3 Ng7 25. Qe3 Bd7 26. Ne2 a5 27. Nd4 b4 28. axb4
axb4 29. Re2 Rab8 30. Nf3 Bb5 31. Bxb5 Rxb5 32. Nd4 Rb6 33. Nxe6 Rxe6 34. Rxe6
Qxe6 35. Qxe6+ Nxe6 36. Rxe6 Ra8 37. Re2 Ra2 38. b3 d4 39. Rg2 Rb2 40. g4 d3 41.
cxd3 Rxb3 42. Rd2 Rc3 43. Kg3 b3 44. Kf3 Rc2 45. Rd1 b2 46. Rb1 Rh2 47. Ke4 Kf7
48. Kd4 Rc2 49. Kd5 Ke7 50. d4 Kd7 51. Ke5 Ke7 52. Kd5 Kd7 53. Ke5 Ke7 54. Kd5 1/2-1/2

[Event "PRO League Group Stage"]
[Site "chess.com INT"]
[Date "2018.02.24"]
[Round "7"]
[White "Hjartarson, Johann"]
[Black "Yu, Yangyi"]
[Result "0-1"]
[WhiteTitle "GM"]
[BlackTitle "GM"]
[WhiteElo "2536"]
[BlackElo "2760"]
[WhiteTeam "Reykjavik Puffins"]
[BlackTeam "Chengdu Pandas"]
[WhiteFideId "2300044"]
[BlackFideId "8603820"]
[EventDate "2018.01.18"]

1. e4 c5 2. Ne2 d6 3. g3 g6 4. Bg2 Bg7 5. c3 Nf6 6. d4 Nbd7 7. O-O O-O 8. Na3
Rb8 9. b4 b6 10. Rb1 Bb7 11. d5 a6 12. h3 Rc8 13. Be3 Re8 14. g4 b5 15. Ng3 cxb4
16. cxb4 Ne5 17. Nc2 Nc4 18. Bd4 e5 19. dxe6 Rxe6 20. Re1 Qe7 21. g5 Nxe4 22.
Bxg7 Nxg3 23. Rxe6 Qxe6 24. Bxb7 Ne2+ 25. Kf1 Re8 26. Nd4 Qxh3+ 27. Bg2 Qh4 28.
Nxe2 Kxg7 29. Qc1 Re5 30. Qc3 Qxg5 31. Rd1 Qf6 32. Rd3 h5 33. a4 h4 34. axb5
axb5 35. Nd4 Rh5 36. Kg1 Ne5 37. Re3 Ng4 38. Rf3 Qe5 39. Nxb5 Qxc3 40. Nxc3 Re5
41. Rf4 Re1+ 42. Bf1 f5 43. Rf3 Ne5 44. Re3 Rc1 45. b5 f4 46. Rh3 g5 47. Ne4 g4
48. Rc3 Rb1 49. Nxd6 h3 50. Ne4 h2+ 51. Kxh2 Rxf1 52. Kg2 Rb1 53. Rc5 Nf3 0-1

[Event "PRO League Group Stage"]
[Site "chess.com INT"]
[Date "2018.02.24"]
[Round "7"]
[White "Hjartarson, Johann"]
[Black "Caruana, Fabiano"]
[Result "0-1"]
[WhiteTitle "GM"]
[BlackTitle "GM"]
[WhiteElo "2536"]
[BlackElo "2811"]
[WhiteTeam "Reykjavik Puffins"]
[BlackTeam "Saint Louis Arch Bishops"]
[WhiteFideId "2300044"]
[BlackFideId "2020009"]
[EventDate "2018.01.18"]

1. e4 e5 2. Nf3 Nc6 3. Bb5 a6 4. Ba4 Nf6 5. O-O Be7 6. Re1 b5 7. Bb3 d6 8. c3
O-O 9. d4 Bg4 10. d5 Na5 11. Bc2 c6 12. h3 Bc8 13. dxc6 Qc7 14. Nbd2 Qxc6 15.
Nf1 Nc4 16. Ng3 Be6 17. a4 h6 18. b3 Nb6 19. a5 Nbd7 20. Bd2 Rfe8 21. Nh2 Bf8
22. Ng4 Rac8 23. Qf3 d5 24. Nxf6+ Nxf6 25. Rac1 Nd7 26. Nf5 Nc5 27. Qg3 Bxf5 28.
exf5 e4 29. Be3 Bd6 30. Qg4 Be5 31. Bd2 Nd7 32. c4 bxc4 33. bxc4 Nf6 34. cxd5
Qxd5 35. Qd1 Red8 36. Bb3 Rxc1 37. Bxc1 Qxa5 38. Qe2 Bd4 39. Rd1 Qb6 40. Bc2 Rc8
41. Bxe4 Re8 0-1